Idealist alternatives to materialist philosophies of science /
Idealist Alternatives to Materialist Philosophies of Science (ed. Philip MacEwen) makes the case that there are other, and arguably better, ways of understanding science than materialism. Philosophical idealism leads the list of challengers but critical realism and various forms of pluralism are ful...
المؤلف الرئيسي:
التنسيق: كتاب الكتروني
اللغة: English
منشور في:
Leiden Boston :
BRILL,
2020.
سلاسل:
Religious Studies, Theology and Philosophy E-Books Online, Collection 2019, ISBN: 9789004390898.
الوصول للمادة أونلاين: Login to view Source
الوسوم: إضافة وسم
رقم الطلب:
| LEADER | 02170nam a22003615i 4500 | ||
|---|---|---|---|
| 001 | BRILL9789004415270 | ||
| 003 | nllekb | ||
| 005 | 20210602103353.0 | ||
| 006 | m d | ||
| 007 | cr un uuuua | ||
| 008 | 191104s2019 mau 000 0 eng | ||
| 020 | |a 9789004415270 |q (electronic book) | ||
| 020 | |z 9789004415263 |q (print) | ||
| 024 | 7 | |a 10.1163/9789004415270 |2 DOI | |
| 035 | |a (OCoLC)1111935116 (print ed.) | ||
| 040 | |a NL-LeKB |c NL-LeKB |e rda | ||
| 072 | 7 | |a HPJ |2 bicssc | |
| 072 | 7 | |a PHI |x 013000 |2 bisacsh | |
| 100 | 1 | |a MacEwen, Philip, |e author. | |
| 245 | 1 | 0 | |a Idealist alternatives to materialist philosophies of science / |c Philip MacEwen. |
| 264 | 1 | |a Leiden Boston : |b BRILL, |c 2020. | |
| 300 | |a 1 online resource. | ||
| 336 | |a text |b txt |2 rdacontent | ||
| 337 | |a computer |b c |2 rdamedia | ||
| 338 | |a online resource |2 rdacarrier | ||
| 490 | 1 | |a Religious Studies, Theology and Philosophy E-Books Online, Collection 2019, ISBN: 9789004390898 | |
| 520 | |a Idealist Alternatives to Materialist Philosophies of Science (ed. Philip MacEwen) makes the case that there are other, and arguably better, ways of understanding science than materialism. Philosophical idealism leads the list of challengers but critical realism and various forms of pluralism are fully articulated as well. To ensure that the incumbent is adequately represented, the volume includes a major defence of materialism/naturalism from Anaxagoras to the present. Contributors include Leslie Armour, John D. Norton, and Fred Wilson with a Foreword by Nicholas Rescher. For anyone interested in whether materialism has a monopoly on science, this volume presents a good case for materialism but a better one for its alternatives. | ||
| 776 | 0 | 8 | |i Print version: |t Idealist alternatives to materialist philosophies of science, |d Leiden Boston: BRILL, 2020 |w 9789004415263 |
| 830 | 0 | |a Religious Studies, Theology and Philosophy E-Books Online, Collection 2019, ISBN: 9789004390898. | |
| 856 | 4 | |z DOI: |u http://dx.doi.org/10.1163/9789004415270 | |
| 942 | |c EBOOK | ||
| 952 | |0 0 |1 0 |4 0 |7 1 |9 15120 |a BRILL |b BRILL |d 2021-06-02 |l 0 |r 2021-06-02 00:00:00 |w 2021-06-02 |y EBOOK | ||
| 999 | |c 36567 |d 36567 | ||
